000 02055cam a2200565 i 4500
999 _c200452168
_d70380
001 200452168
003 TR-AnTOB
005 20230926100324.0
006 m o d
007 cr |n|||||||||
008 181023s2019 njua ob 001 0 eng d
015 _aGBB938067
_2bnb
020 _a9781119530879
_qelectronic book
020 _a1119530873
_qelectronic book
020 _z9781119530824
_qelectronic publication
020 _z1119530822
_qelectronic publication
020 _z9781119530824
_qpaperback
020 _z1119530822
_qpaperback
020 _a9781119559078
_qelectronic book
020 _a1119559073
_qelectronic book
020 _a9781119530800
_q(ePub ebook)
020 _a1119530806
035 _a(OCoLC)1060180297
_z(OCoLC)1085890375
037 _a9781119530800
_bWiley
040 _aDLC
_beng
_erda
_cDLC
_dOCLCO
_dOCLCF
_dUIU
_dDG1
_dYDX
_dN$T
_dEBLCP
_dUKMGB
041 0 _aeng
042 _apcc
050 1 4 _aHD69.P75
_bK4796 2019
072 7 _aBUS
_x082000
_2bisacsh
072 7 _aBUS
_x041000
_2bisacsh
072 7 _aBUS
_x042000
_2bisacsh
072 7 _aBUS
_x085000
_2bisacsh
090 _aHD69.P75
_bK4796 2019EBK
100 1 _aKerzner, Harold
_eauthor
_93700
245 1 0 _aUsing the project management maturity model :
_bstrategic planning for project management /
_cHarold Kerzner, Ph.D
250 _aThird edition
264 1 _aHoboken, New Jersey :
_bJohn Wiley & Sons, Inc.,
_c[2019]
300 _a1 online resource (xviii, 292 pages)
336 _atext
_btxt
_2rdacontent
337 _acomputer
_bc
_2rdamedia
338 _aonline resource
_bcr
_2rdacarrier
504 _aBIBINDX
650 0 _aProject management
_0http://id.loc.gov/authorities/subjects/sh85065919
_91842
650 0 _aStrategic planning
_0http://id.loc.gov/authorities/subjects/sh85128511
_91126
655 0 _aElectronic books
_92032
856 4 0 _3Wiley Online Library
_zConnect to resource
_uhttps://onlinelibrary.wiley.com/doi/book/10.1002/9781119559078
942 _2lcc
_cEBK